| 000 | 00837nam a22002417a 4500 | ||
|---|---|---|---|
| 005 | 20250714171642.0 | ||
| 008 | 250714b |||||||| |||| 00| 0 eng d | ||
| 040 |
_bEnglish _cURS _erda |
||
| 050 |
_aN72.P74 _bH34 2015 |
||
| 100 |
_aHagman, George, _eauthor. |
||
| 245 |
_aCreative analysis : _bart, creativity and clinical process / _cGeorge Hagman. |
||
| 264 |
_aNew York : _bRoutlede, _c©2015. |
||
| 300 |
_ax 127pages ; _c24 cm. |
||
| 336 |
_2rdacontent _atext _btxt |
||
| 337 |
_2rdamedia _aunmediated _bn |
||
| 338 |
_2rdacarrier _avolume _bnc |
||
| 504 | _aIncludes bibliographical references and index. | ||
| 650 | 0 |
_aSecond language acquisition. _91512 |
|
| 650 | 0 |
_aReading. _96226 |
|
| 650 | 0 |
_aLanguage and languages _xAbility testing. _96227 |
|
| 650 | 0 |
_aLanguage and languages _xStudy and teaching. _91200 |
|
| 942 |
_2lcc _cFR |
||
| 999 |
_c83567 _d83566 |
||